| 000 | 00395nam a2200145Ia 4500 | ||
|---|---|---|---|
| 008 | 230917s9999||||xx |||||||||||||| ||und|| | ||
| 040 |
_e60523 _aMAIN |
||
| 041 | _aEnglish | ||
| 082 | _a330.954 S64E | ||
| 100 | _aSingh, D Bright | ||
| 245 | 0 | _aEconomics of development with special reference to India | |
| 260 |
_aBombay _bAsia Publishing House _c1971 |
||
| 300 | _axiv, 606 p. | ||
| 942 | _cBK | ||
| 999 |
_c141163 _d141163 |
||